000 00606nam a2200217Ia 4500
005 20250526123559.0
008 131103s9999 xx 000 0 und d
020 _a033392 103 8
040 _aLoreto College
041 _aEnglish
082 _a900/N
_bVAS
100 _aVasudeva Rao, T. N.
245 _aIndian history and civilization
_cT. N. Vasudeva Rao & Others; edited by C. E. ramachandran & A. Jacob
260 _aMadras
_bMacmillan
_c1989
300 _a221p.
_b ill.
650 _aHistory - India
651 _aIndia - History
700 _aRajaraman, P.
850 _aLCBED
942 _cBK
999 _c29031
_d79510